Hymny Męskiego Grania - Statystyki

Ogólne statystyki
  • Ten quiz został rozwiązany 125 razy
  • Średni wynik to 5 z 10
Statystyki odpowiedzi
Rok Tytuł piosenki % Poprawnych
2018 Początek
86%
2019 Sobie i Wam
84%
2016 Wataha
69%
2014 Elektryczny
50%
2017 Nieboskłon
49%
2015 Armaty
28%
2010 Wszyscy muzycy to wojownicy
23%
2011 Kobiety nam wybaczą
22%
2012 Ognia
22%
2013 Jutro jest dziś
18%
Nie znaleziono quizów pasujących do podanych kryteriów
Rozkład punktacji
Procent ludzi z każdym wynikiem
Percentyl według liczby udzielonych odpowiedzi
Twoja historia wyników
Nie rozwiązałeś tego quizu